Ingenieria de cimentaciones / (Registro nro. 10075)

Detalles MARC
000 -LEADER
fixed length control field 01263nam a2200313 4500
001 - CONTROL NUMBER
control field 0000018977
003 - CONTROL NUMBER IDENTIFIER
control field CO-CtgCURN
005 - DATE AND TIME OF LATEST TRANSACTION
control field 20250329190958.0
007 - PHYSICAL DESCRIPTION FIXED FIELD--GENERAL INFORMATION
fixed length control field ta
008 - FIXED-LENGTH DATA ELEMENTS--GENERAL INFORMATION
fixed length control field 160627s2002 000 0 eng d
020 ## - INTERNATIONAL STANDARD BOOK NUMBER
International Standard Book Number 9681814142
040 ## - CATALOGING SOURCE
Original cataloging agency CO-CtgCURN
Language of cataloging spa
Transcribing agency coctgcurn
082 0# - DEWEY DECIMAL CLASSIFICATION NUMBER
Classification number 624.15
Item number P324i
100 1# - MAIN ENTRY--PERSONAL NAME
Personal name Peck, Ralph B.
245 10 - TITLE STATEMENT
Title Ingenieria de cimentaciones /
Statement of responsibility, etc. Ralph B. Peck , Walter E. Hanson, Thomas H. Thornburn.
260 ## - PUBLICATION, DISTRIBUTION, ETC.
Place of publication, distribution, etc. Mexico :
Name of publisher, distributor, etc. Limusa,
Date of publication, distribution, etc. 2002.
300 ## - PHYSICAL DESCRIPTION
Extent 557 p.
336 ## - CONTENT TYPE
Source rdacontent
337 ## - MEDIA TYPE
Source rdamedia
Media type term sin mediacion
Media type code n
338 ## - CARRIER TYPE
Source rdacarrier
Carrier type term volumen
Carrier type code nc
500 ## - GENERAL NOTE
General note Incluye indice alfabetico.
505 8# - FORMATTED CONTENTS NOTE
Formatted contents note Identificacion y clasificacion de suelos y de rocas.--Propiedades hidraulicas de los suelos y de las rocas.--Caracteristicas de la consolidacion de los suelos.--Caracter de los depositos naturales.--Tipos de cimentaciones y metodos de construcción.--Proyecto de cimentaciones y estructuras de retencion de tierra
650 14 - SUBJECT ADDED ENTRY--TOPICAL TERM
Topical term or geographic name entry element Cimentaciones.
700 1# - ADDED ENTRY--PERSONAL NAME
Personal name Thornburn, Thomas H.
908 ## - PUT COMMAND PARAMETER (RLIN)
Put command parameter 160627
942 ## - ADDED ENTRY ELEMENTS (KOHA)
Koha item type Libros
Classification part 624.15
Item part P324i
Source of classification or shelving scheme Dewey Decimal Classification
Existencias
Withdrawn status Lost status Source of classification or shelving scheme Damaged status Not for loan Collection Home library Current library Shelving location Date acquired Inventory number Total checkouts Full call number Barcode Date last seen Copy number Price effective from Koha item type Public note
    Dewey Decimal Classification     General Miguel Henríquez Castañeda Miguel Henríquez Castañeda General 03/29/2025 010349   624.15 P324i 010349 03/29/2025 ej.1 03/29/2025 Libros 620-ING&OP
    Dewey Decimal Classification     General Miguel Henríquez Castañeda Miguel Henríquez Castañeda General 03/29/2025 010350   624.15 P324i 010350 03/29/2025 ej.2 03/29/2025 Libros 620-ING&OP